| 000 | 00876nam a2200301Ia 4500 | ||
|---|---|---|---|
| 001 | Para_7790 | ||
| 003 | CHAP | ||
| 008 | 220125s1925 xx 000 0 und d | ||
| 010 | _a206425 | ||
| 040 | _cCHAP | ||
| 082 | _aPA-C 595.75 H4 | ||
| 100 |
_aKuwana, Inokichi _964153 |
||
| 245 |
_aThe diaspine coccidae of Japa II. : _b the genus Lepidosaphes |
||
| 260 |
_aYokohama, Japan : _b Departmment of Finance |
||
| 300 | _a42 p. | ||
| 440 |
_aHemÃptera ; 6 : technical bulltin ; 2 _9172733 |
||
| 500 | _aEnc. con otros impresos similares | ||
| 650 |
_aCoccidae _924200 |
||
| 650 |
_aDiaspididae _932427 |
||
| 650 |
_aHemÃpteros _x colecciones de escritos _9165786 |
||
| 901 | _aPA-C 595.75 H4 | ||
| 902 | _aA | ||
| 905 | _a0000001925 a 0000000000 00 | ||
| 910 | _a1925 | ||
| 942 | _cPARA | ||
| 942 |
_cPARA _d1 |
||
| 999 |
_c206425 _d206425 |
||